000 00319nam a2200109Ia 4500
008 200302s9999 xx 000 0 und d
100 _aOffice Of Deputy Prime Minister
245 _aSafer Palaces : The Planning System And Crime Prevention
260 _bThomas telford Publishing Ltd.,
260 _c2004
300 _a107 P
999 _c4844
_d4844